<?xml version="1.0" encoding="UTF-8"?>
<record
    xmlns:xsi="http://www.w3.org/2001/XMLSchema-instance"
    xsi:schemaLocation="http://www.loc.gov/MARC21/slim http://www.loc.gov/standards/marcxml/schema/MARC21slim.xsd"
    xmlns="http://www.loc.gov/MARC21/slim">

  <leader>00537nam a2200145Ia 4500</leader>
  <controlfield tag="008">121101s9999    xx            000 0 und d</controlfield>
  <datafield tag="050" ind1=" " ind2=" ">
    <subfield code="a">T HG4521 L57 2009</subfield>
  </datafield>
  <datafield tag="082" ind1=" " ind2=" ">
    <subfield code="a">C 005.741 M828p 1986</subfield>
  </datafield>
  <datafield tag="100" ind1=" " ind2=" ">
    <subfield code="a">Lira Gil, Erik.</subfield>
  </datafield>
  <datafield tag="245" ind1=" " ind2=" ">
    <subfield code="a">Plan de negocio "Propiedades y beneficios del agua con ox&#xED;geno" / Erik Lira Gil.</subfield>
  </datafield>
  <datafield tag="260" ind1=" " ind2=" ">
    <subfield code="a">M&#xE9;xico : el autor</subfield>
  </datafield>
  <datafield tag="300" ind1=" " ind2=" ">
    <subfield code="a">89 h. :il. , ; 28 cm.</subfield>
  </datafield>
  <datafield tag="502" ind1=" " ind2=" ">
    <subfield code="a">Tesis (Maestria en Administraci&#xF3;n de Negocios) UIN - Plantel Sur.</subfield>
  </datafield>
  <datafield tag="650" ind1=" " ind2=" ">
    <subfield code="a">1. INVERSIONES. 2. PROYECTOS DE DESARROLLO ECONOMICO.&#xCC;</subfield>
  </datafield>
  <datafield tag="952" ind1=" " ind2=" ">
    <subfield code="0">0</subfield>
    <subfield code="1">0</subfield>
    <subfield code="4">0</subfield>
    <subfield code="7">0</subfield>
    <subfield code="a">12</subfield>
    <subfield code="b">12</subfield>
    <subfield code="d">2009-11-19</subfield>
    <subfield code="l">0</subfield>
    <subfield code="o">T HG4521 L57 2009</subfield>
    <subfield code="p">12 002664</subfield>
    <subfield code="r">2015-04-22</subfield>
    <subfield code="t">1</subfield>
    <subfield code="w">2012-11-01</subfield>
    <subfield code="y">LB</subfield>
  </datafield>
  <datafield tag="952" ind1=" " ind2=" ">
    <subfield code="0">0</subfield>
    <subfield code="1">0</subfield>
    <subfield code="4">0</subfield>
    <subfield code="7">0</subfield>
    <subfield code="a">12</subfield>
    <subfield code="b">12</subfield>
    <subfield code="d">2009-11-19</subfield>
    <subfield code="l">0</subfield>
    <subfield code="o">T HG4521 L57 2009</subfield>
    <subfield code="p">12 002665</subfield>
    <subfield code="r">2015-04-22</subfield>
    <subfield code="t">2</subfield>
    <subfield code="w">2012-11-01</subfield>
    <subfield code="y">LB</subfield>
  </datafield>
  <datafield tag="999" ind1=" " ind2=" ">
    <subfield code="c">87641</subfield>
    <subfield code="d">87641</subfield>
  </datafield>
</record>
